[Event "Titled Tue 24th Jun Late"]
[Site "chess.com INT"]
[Date "2025.06.24"]
[Round "1"]
[White "Montano Vicente, Guadalupe"]
[Black "Burovic, Rijad"]
[Result "1-0"]
[BlackTitle "IM"]
[WhiteElo "1938"]
[BlackElo "2420"]
[WhiteFideId "5181399"]
[BlackFideId "14407701"]
[EventDate "2025.06.24"]

1. d4 g6 2. c4 Bg7 3. Nc3 d6 4. e4 e5 5. d5 a5 6. Bd3 Na6 7. Nf3 Bg4 8. h3 Bxf3
9. Qxf3 h5 10. O-O Bh6 11. Bxh6 Nxh6 12. a3 O-O 13. Qe3 Kg7 14. f4 exf4 15. Qxf4
Qe7 16. Rf2 f6 17. Raf1 g5 18. Qd2 h4 19. Ne2 Qe5 20. Bb1 Nc5 21. Nd4 Rae8 22.
Nf5+ Nxf5 23. Rxf5 Qe7 24. Qd4 a4 25. Bc2 Ra8 26. Rxg5+ Kh6 27. Rgf5 Nd7 28.
Qe3+ Kg7 29. Qf4 Rh8 30. e5 dxe5 31. Qg4+ Kf7 32. Rg5 Rag8 33. Rxg8 Rxg8 34.
Qxh4 Kf8 35. Qh6+ Qg7 36. Qxg7+ Rxg7 37. Bf5 Nc5 38. Bc2 Ke7 39. g4 c6 40. Kf2
cxd5 41. cxd5 Kd6 42. Rd1 e4 43. Ke3 Ke5 44. d6 Rd7 45. h4 Rxd6 46. Rxd6 Kxd6
47. Bxe4 Ke5 48. Bf5 b5 49. h5 Kd6 50. h6 Ke7 51. Kd4 Nb3+ 52. Kd5 Kf7 53. Kc6
Nd4+ 54. Kc5 Nf3 55. Kxb5 Ne5 56. Kxa4 Nc4 57. Kb3 Nd2+ 58. Kc3 Nf3 59. a4 Ne5
60. a5 Nc6 61. b4 Na7 62. Kc4 Kg8 63. b5 Kh8 64. Kc5 Kg8 65. b6 Nc6 66. Kxc6 Kf7
67. b7 Ke7 68. b8=Q Kf7 69. Qd6 Kg8 70. Qd8+ Kf7 71. Qd7+ Kg8 72. Qg7# 1-0

[Event "Titled Tue 24th Jun Late"]
[Site "chess.com INT"]
[Date "2025.06.24"]
[Round "1"]
[White "Ochedzan, Filip"]
[Black "Livaic, Leon"]
[Result "0-1"]
[WhiteTitle "CM"]
[BlackTitle "GM"]
[WhiteElo "1983"]
[BlackElo "2550"]
[WhiteFideId "21892610"]
[BlackFideId "14531534"]
[EventDate "2025.06.24"]

1. Nf3 d6 2. g3 e5 3. d3 f5 4. Bg2 Nf6 5. Nc3 Be7 6. e4 c6 7. O-O O-O 8. Re1 Na6
9. Bg5 h6 10. Bxf6 Bxf6 11. d4 fxe4 12. Nxe4 exd4 13. Nxf6+ Qxf6 14. Qxd4 Bf5
15. c3 Nc5 16. Qxf6 Rxf6 17. Nd4 Bg6 18. Re7 Re8 19. Rae1 Rxe7 20. Rxe7 Rf7 21.
Re2 Rf8 22. f4 a5 23. b3 Kf7 24. Bh3 Re8 25. Rxe8 Kxe8 26. Bf5 Bf7 27. Kf2 Ke7
28. Ke3 Kf6 29. Bc2 h5 30. b4 axb4 31. cxb4 Nd7 32. a4 Nb6 33. a5 Nd5+ 34. Kd2
Nxb4 35. Bb1 c5 36. Nb5 Ke7 37. Be4 d5 38. Bf3 Nc6 39. Nc3 Nb4 40. Nb5 Kd7 41.
h3 Kc6 42. Na7+ Kd6 43. Nb5+ Kc6 44. Na7+ Kd7 45. Nb5 g6 46. g4 hxg4 47. Bxg4+
Ke7 48. h4 Nc6 49. Bf3 Nxa5 50. Nc3 Nc4+ 51. Ke2 Nb6 52. Nb5 Nd7 53. Nc3 Nf6 54.
Nb5 Be6 55. Nc3 Kd7 56. Nd1 b5 57. Ne3 Kd6 58. h5 Nxh5 59. Bxh5 gxh5 60. f5 Bf7
61. Ng2 Ke5 62. Nh4 b4 63. Ng6+ Bxg6 64. fxg6 Kf6 0-1

[Event "Titled Tue 24th Jun Late"]
[Site "chess.com INT"]
[Date "2025.06.24"]
[Round "1"]
[White "Garcia Alvarez, Diego"]
[Black "Jarmula, Lukasz"]
[Result "0-1"]
[BlackTitle "GM"]
[WhiteElo "2124"]
[BlackElo "2440"]
[WhiteFideId "32094795"]
[BlackFideId "1160664"]
[EventDate "2025.06.24"]

1. d4 Nf6 2. c4 d6 3. Nc3 g6 4. e4 Bg7 5. f3 O-O 6. Be3 c5 7. dxc5 dxc5 8. e5
Nfd7 9. f4 Nc6 10. Nf3 Qa5 11. Be2 Nb6 12. O-O Be6 13. Bd2 Nxc4 14. Be1 Rfd8 15.
Qc1 b5 16. Nd5 Qa6 17. Nc7 Qb6 18. Nxa8 Rxa8 19. Bf2 Nd4 20. Bd1 Rc8 21. b3 Na5
22. Ng5 Bd5 23. Bxd4 Qb7 24. Be3 Bxg2 25. Rf2 Bd5 26. Qd2 b4 27. Rc1 c4 28. Bf3
e6 29. Bxd5 exd5 30. Bd4 cxb3 31. Rxc8+ Qxc8 32. axb3 Nxb3 33. Qxb4 Qg4+ 34. Rg2
Qd1+ 35. Kf2 Nxd4 36. Qe1 Qc2+ 37. Kg1 Qc5 38. Qf2 a5 39. h4 h6 40. Nh3 a4 41.
Kh2 a3 42. Qa2 Qc3 43. Rg3 Qc4 44. Rxa3 Qf1 45. Qg2 Qc1 46. Ra8+ Kh7 47. Nf2
Qxf4+ 48. Qg3 Qd2 49. Kh3 Nf5 50. Qg4 Qxf2 51. Ra4 Qe3+ 52. Kh2 Qxe5+ 53. Kg2 h5
54. Qf3 d4 55. Ra7 Nxh4+ 56. Kf2 Nxf3 57. Rxf7 Qe3+ 58. Kg3 Ne5+ 59. Rf3 Qxf3+
60. Kh4 Ng4 61. Kg5 Bf6# 0-1

[Event "Titled Tue 24th Jun Late"]
[Site "chess.com INT"]
[Date "2025.06.24"]
[Round "1"]
[White "Marin Posada, Sebastian"]
[Black "Deng, Henry"]
[Result "0-1"]
[WhiteTitle "FM"]
[BlackTitle "FM"]
[WhiteElo "2246"]
[BlackElo "2327"]
[WhiteFideId "4402782"]
[BlackFideId "30965454"]
[EventDate "2025.06.24"]

1. e4 c5 2. Nf3 e6 3. d4 cxd4 4. Nxd4 Nf6 5. Nc3 Nc6 6. Ndb5 Bc5 7. Bf4 O-O 8.
Bc7 Qe7 9. Bd6 Bxd6 10. Qxd6 Qd8 11. O-O-O a6 12. Nd4 Ne7 13. h4 b5 14. h5 h6
15. Bd3 Bb7 16. Kb1 Rc8 17. f3 Ne8 18. Qh2 Qb6 19. Nb3 Bc6 20. g4 a5 21. Ne2 a4
22. Nbd4 Qb8 23. Qh4 f6 24. f4 b4 25. g5 hxg5 26. fxg5 Qe5 27. h6 g6 28. Nf3
fxg5 29. h7+ Kh8 30. Nxe5 gxh4 31. Rxh4 d6 32. Nxc6 Rxc6 33. Nd4 Rc8 34. Nxe6
Rf6 35. Ng5 Nc7 36. e5 dxe5 37. Rxb4 Ncd5 38. Rxa4 Kg7 39. Ra7 Kh6 40. Ne4 Rff8
41. Rh1+ Kg7 42. Nd6 Rb8 43. Nc4 Kf6 44. Be4 Nf4 45. Nd6 Nf5 46. Nxf5 gxf5 47.
Bc6 e4 48. Rh6+ Kg5 49. Rh1 e3 50. Rg1+ Kf6 51. Bf3 Rh8 52. Ra6+ Ke5 53. Ra5+
Ke6 54. Ra6+ Ke5 55. Ra5+ Kf6 56. Ra6+ Ne6 57. Re1 f4 58. Bg4 Rbe8 59. Rf1 Rxh7
60. Bxe6 Rxe6 61. Rxf4+ Ke5 62. Rxe6+ Kxe6 63. Kc1 Rh1+ 0-1

[Event "Titled Tue 24th Jun Late"]
[Site "chess.com INT"]
[Date "2025.06.24"]
[Round "1"]
[White "Manukyan, Sargis A."]
[Black "Linares Orellana, Hector Jose"]
[Result "1-0"]
[WhiteTitle "FM"]
[BlackTitle "FM"]
[WhiteElo "2294"]
[BlackElo "2111"]
[WhiteFideId "13303970"]
[BlackFideId "7304307"]
[EventDate "2025.06.24"]

1. d4 d5 2. c4 e6 3. Nc3 Nf6 4. cxd5 exd5 5. Nf3 Be7 6. Bg5 O-O 7. e3 c6 8. Bd3
Nbd7 9. Qc2 Re8 10. O-O Nf8 11. Bxf6 Bxf6 12. b4 a6 13. a4 Bd7 14. b5 axb5 15.
axb5 g6 16. bxc6 bxc6 17. Na4 Ne6 18. Nc5 Nxc5 19. Qxc5 Qe7 20. Qxe7 Bxe7 21.
Ne5 Rxa1 22. Rxa1 Be6 23. Nxc6 Bf6 24. f4 Rc8 25. Ne5 Rc3 26. Rd1 Kg7 27. Kf2
Be7 28. Nf3 Rb3 29. h3 h5 30. Be2 Rb2 31. Rd2 Rb3 32. Ra2 Ba3 33. Ne5 Bc1 34.
Nd3 Ba3 35. Ne1 Bc1 36. Bd3 Bf5 37. Ke2 Be4 38. Bxe4 dxe4 39. Nc2 Rd3 40. g4
hxg4 41. hxg4 Rd2+ 42. Ke1 Rd3 43. Ke2 Rd2+ 44. Kf1 Rd3 45. Kf2 Rd2+ 46. Kg3 Rd3
47. f5 Bxe3 48. Nxe3 Rxe3+ 49. Kf4 Re1 50. Ke5 gxf5 51. gxf5 e3 52. f6+ Kg6 53.
Rg2+ Kh6 54. Kd6 e2 55. Ke7 Rd1 56. Rxe2 Rxd4 57. Kxf7 Rf4 58. Rh2+ Kg5 59. Rg2+
Kh6 60. Ke7 Re4+ 61. Kf8 Rf4 62. f7 Kh7 63. Rg8 Rf1 64. Ke7 Re1+ 65. Kd6 Rd1+
66. Kc5 Rc1+ 67. Kd4 Rd1+ 68. Ke3 Re1+ 69. Kd2 Rf1 70. f8=Q Rxf8 71. Rxf8 Kg7
72. Rf2 1-0

[Event "Titled Tue 24th Jun Late"]
[Site "chess.com INT"]
[Date "2025.06.24"]
[Round "1"]
[White "Zhou, Abigail"]
[Black "Saya, Ethan"]
[Result "0-1"]
[WhiteTitle "WCM"]
[BlackTitle "FM"]
[WhiteElo "1780"]
[BlackElo "2262"]
[WhiteFideId "39922081"]
[BlackFideId "26095181"]
[EventDate "2025.06.24"]

1. e4 d5 2. exd5 Qxd5 3. Nc3 Qa5 4. d4 Nf6 5. Bd3 Nc6 6. Ne2 Bg4 7. f3 Bf5 8.
O-O Bxd3 9. Qxd3 O-O-O 10. Ne4 Nxe4 11. fxe4 Nxd4 12. Nxd4 e5 13. Qh3+ Kb8 14.
Nf3 f6 15. Be3 Bc5 16. Bxc5 Qxc5+ 17. Kh1 Qxc2 18. Rfe1 Qxb2 19. Qe6 Qb6 20.
Qxb6 axb6 21. Rad1 b5 22. Rxd8+ Rxd8 23. Rb1 c6 24. h3 Rd3 25. Nh4 Kc7 26. Nf5
g6 27. Nh6 Kd6 28. Ng4 Ke6 29. Rf1 f5 30. exf5+ gxf5 31. Nh6 f4 32. Ng4 h5 33.
Nf2 Rd2 34. Ne4 Rxa2 35. Nc5+ Kf5 36. Nxb7 e4 37. Nd8 Rc2 38. Nb7 e3 39. Nd6+
Ke5 40. Nf7+ Ke4 41. Ng5+ Kd3 42. Nf3 Ke4 43. Ng5+ Kd3 44. Nf3 Rf2 45. Rd1+ Rd2
46. Rf1 b4 47. Rb1 c5 48. Ne5+ Ke4 49. Nc4 Rc2 50. Nd6+ Kd3 51. Nf5 e2 52. Ng7
Kd2 53. Nxh5 Rc1+ 54. Rxc1 Kxc1 55. Nxf4 e1=Q+ 56. Kh2 Qe5 57. g3 Qb2+ 58. Kg1
Qb3 59. Kg2 Qa2+ 60. Kg1 Qa8 61. h4 Kd2 62. h5 Ke3 63. h6 Kf3 64. h7 Kxg3 65.
h8=Q Qxh8 66. Ne2+ Kg4 67. Kg2 Qa8+ 68. Kf2 Qf3+ 69. Ke1 Qxe2+ 70. Kxe2 Kf5 71.
Kd3 Ke6 72. Kc4 Kd6 73. Kb3 Kd5 74. Kc2 Kc4 75. Kb2 b3 76. Kc1 Kb4 77. Kb2 c4
78. Kc1 c3 79. Kb1 Kc4 80. Kc1 Kd3 81. Kb1 c2+ 82. Kc1 Ke2 83. Kb2 Kd2 84. Kxb3
c1=Q 85. Kb4 Qc6 86. Kb3 Qc5 87. Ka4 Qb6 88. Ka3 Kc3 89. Ka4 Qb4# 0-1

[Event "Titled Tue 24th Jun Late"]
[Site "chess.com INT"]
[Date "2025.06.24"]
[Round "1"]
[White "Przybylski, Wojciech"]
[Black "Ragger, Markus"]
[Result "1-0"]
[WhiteTitle "FM"]
[BlackTitle "GM"]
[WhiteElo "2340"]
[BlackElo "2566"]
[WhiteFideId "1117599"]
[BlackFideId "1610856"]
[EventDate "2025.06.24"]

1. d4 Nf6 2. g3 d5 3. Bg2 c5 4. Nf3 cxd4 5. Nxd4 e5 6. Nb3 Nc6 7. O-O Be6 8. Bg5
Be7 9. e3 Qd7 10. N1d2 Bh3 11. c4 Bxg2 12. Kxg2 O-O 13. Bxf6 Bxf6 14. cxd5 Qxd5+
15. e4 Qb5 16. Re1 Rfd8 17. Qe2 Qb4 18. Nf3 a5 19. Rad1 a4 20. Nc1 a3 21. b3 Qc3
22. Rd2 Nb4 23. Red1 Rdc8 24. Nd3 Nxd3 25. Rxd3 Qb4 26. Rd5 Qc3 27. R1d3 Qb2 28.
Rd2 Qc3 29. R2d3 Qc7 30. Rd7 Qc6 31. R7d6 Qe8 32. R6d5 h6 33. Qd1 Kh7 34. Rd7
Qe6 35. Rxb7 Qc6 36. Rxf7 Qxe4 37. Re3 Qc6 38. Qd3+ Kh8 39. Qg6 Rf8 40. Rxf8+
Rxf8 41. Qe4 Rc8 42. Qxc6 Rxc6 43. Re2 e4 44. Ne1 Bb2 45. Rxe4 Rc1 46. Nd3 Ra1
47. Re2 Rxa2 48. Kf3 Kh7 49. Ke4 h5 50. f4 Kg6 51. b4 Kf6 52. b5 Ra1 53. Nxb2
axb2 54. Rxb2 Ra7 55. b6 Rb7 56. Kd5 Kf5 57. Kc6 Rf7 58. b7 Rf8 59. b8=Q Rxb8
60. Rxb8 Kg4 61. Rg8 Kh3 62. Rxg7 Kxh2 63. f5 Kh3 64. f6 Kg2 65. f7 Kh1 66. f8=Q
h4 67. gxh4 Kh2 68. Qf2+ Kh3 69. Qg3# 1-0

[Event "Titled Tue 24th Jun Late"]
[Site "chess.com INT"]
[Date "2025.06.24"]
[Round "1"]
[White "Fandi, Mazen"]
[Black "Gerbelli Neto, Eduardo"]
[Result "1-0"]
[WhiteTitle "FM"]
[WhiteElo "2302"]
[BlackElo "2114"]
[WhiteFideId "7611625"]
[BlackFideId "2103281"]
[EventDate "2025.06.24"]

1. e4 e5 2. Nf3 Nc6 3. Bb5 a6 4. Ba4 d6 5. O-O Bg4 6. c3 Qf6 7. d3 Ne7 8. Nbd2
Ng6 9. Re1 Nf4 10. Re3 Be7 11. Nf1 h5 12. d4 b5 13. Bc2 g5 14. a4 Rb8 15. axb5
axb5 16. Ra6 Bd7 17. dxe5 dxe5 18. Ng3 g4 19. Ne1 Bc5 20. Nf5 Bxe3 21. fxe3 Ne6
22. Bb3 Nc5 23. Rxc6 Bxc6 24. Bd5 Nxe4 25. Bxc6+ Qxc6 26. Nd3 Rd8 27. Qf1 Qd5
28. Nb4 Qd1 29. Ng7+ Ke7 30. Nc6+ Kf8 31. Ne6+ Kg8 32. Nexd8 Qxf1+ 33. Kxf1 f6
34. Ke2 Kg7 35. Kd3 Nd6 36. Ne6+ Kg6 37. Nxc7 e4+ 38. Ke2 Kf5 39. Nd5 Ke6 40.
Nf4+ Kd7 41. Nd4 h4 42. b3 Ra8 43. Bd2 Ra2 44. Nd5 h3 45. gxh3 gxh3 46. Nxf6+
Ke7 47. Ng4 b4 48. cxb4 Rb2 49. b5 Kd7 50. Nf2 Kc7 51. Nxh3 Kb6 52. Ng5 Kc5 53.
h4 Kd5 54. h5 Ke5 55. h6 Kf6 56. h7 Kg7 57. Nde6+ 1-0

[Event "Titled Tue 24th Jun Late"]
[Site "chess.com INT"]
[Date "2025.06.24"]
[Round "1"]
[White "Kravtsiv, Martyn"]
[Black "Harriott, Tyrell"]
[Result "1-0"]
[WhiteTitle "GM"]
[WhiteElo "2598"]
[BlackElo "1924"]
[WhiteFideId "14113147"]
[BlackFideId "2086484"]
[EventDate "2025.06.24"]

1. e4 d5 2. exd5 Nf6 3. d4 Qxd5 4. Nc3 Qa5 5. Nf3 Bf5 6. Bd2 c6 7. Bc4 e6 8. Qe2
Bb4 9. a3 O-O 10. O-O Bxc3 11. Bxc3 Qc7 12. Ne5 Nbd7 13. f4 Nb6 14. Bb3 Nbd5 15.
Be1 Be4 16. Bh4 b5 17. c4 bxc4 18. Bxc4 Qb6 19. Kh1 Rab8 20. b4 Bf5 21. Rac1
Qxd4 22. Nxc6 Qb6 23. Nxb8 Rxb8 24. Bxf6 Nxf6 25. Bd3 Bg4 26. Qf2 Qd8 27. Bb1 a5
28. h3 Bh5 29. g4 Bg6 30. Rfd1 Qe8 31. bxa5 Qa4 32. Qd4 Qxa5 33. Bxg6 hxg6 34.
Qe5 Nd5 35. Rd3 Qa8 36. Kh2 Rd8 37. Kg3 Re8 38. Rcd1 Rc8 39. R1d2 Re8 40. f5
gxf5 41. gxf5 Ne7 42. fxe6 Ng6 43. exf7+ Kxf7 44. Qd5+ Qxd5 45. Rxd5 Re7 46.
Rf2+ Kg8 47. Rf3 Kh7 48. Rh5+ Kg8 49. Rg5 Ne5 50. Re3 Nc6 51. Rxe7 Nxe7 52. Rc5
Kf7 53. a4 Ke6 54. a5 Kd6 55. Rc1 Nd5 56. a6 Nb6 57. a7 Kd7 58. Kg4 Na8 59. Kg5
Kd8 60. Kg6 Kd7 61. Kxg7 Kd8 62. h4 Kd7 63. h5 Kd8 64. h6 Kd7 65. h7 Nb6 66.
h8=Q Nd5 67. Qc8+ Kd6 68. Qd8+ Ke6 69. Qxd5+ Kxd5 70. a8=Q+ Kd6 71. Qd8+ Ke5 72.
Re1+ Kf4 73. Qf6+ Kg4 74. Rg1+ 1-0

[Event "Titled Tue 24th Jun Late"]
[Site "chess.com INT"]
[Date "2025.06.24"]
[Round "1"]
[White "Akbarinia, Sayed Arash"]
[Black "Rosen, Eric"]
[Result "0-1"]
[WhiteTitle "FM"]
[BlackTitle "IM"]
[WhiteElo "2372"]
[BlackElo "2377"]
[WhiteFideId "12501468"]
[BlackFideId "2032562"]
[EventDate "2025.06.24"]

1. Nf3 e6 2. c4 f5 3. g3 Nf6 4. Bg2 d5 5. O-O c6 6. d4 Bd6 7. Qc2 O-O 8. Nbd2
Qe7 9. Ne1 Bd7 10. Nd3 Be8 11. Nf3 Nbd7 12. Bf4 Bxf4 13. Nxf4 Bh5 14. Rab1 a5
15. Ne5 g5 16. Nfd3 Nb6 17. b3 Qg7 18. f4 h6 19. e3 Ne4 20. Rfc1 Kh7 21. a3 Rg8
22. b4 dxc4 23. Nxc4 Nd5 24. Nde5 Nef6 25. b5 cxb5 26. Rxb5 Rac8 27. Qb2 Rc7 28.
Nxa5 Rxc1+ 29. Qxc1 b6 30. Nac4 Rc8 31. Qb2 Be8 32. Nxb6 Rb8 33. Nxd5 Rxb5 34.
Nxf6+ Qxf6 35. Qc2 Qe7 36. g4 Bg6 37. Nxg6 Kxg6 38. e4 Qa7 39. gxf5+ Kg7 40. Qc3
Rb1+ 41. Kf2 e5 42. fxe5 Qb6 43. f6+ Kg6 44. Bf1 Rb2+ 45. Be2 Qb5 46. Qf3 Qc4
47. Qh5+ Kh7 48. Qf3 Qxd4+ 49. Qe3 Qxe5 50. f7 Qf6+ 51. Qf3 Qxf3+ 52. Kxf3 Kg7
53. Bc4 Rc2 54. Bd5 Rc3+ 55. Kg4 Rxa3 56. h4 gxh4 57. Kxh4 Ra1 58. e5 Rd1 59.
Bb3 Rd3 60. Ba2 Ra3 61. Bd5 Rd3 62. Be6 Re3 0-1

[Event "Titled Tue 24th Jun Late"]
[Site "chess.com INT"]
[Date "2025.06.24"]
[Round "1"]
[White "Goodrich, Elliott"]
[Black "Zilberstein, Dmitry"]
[Result "0-1"]
[BlackTitle "IM"]
[WhiteElo "2019"]
[BlackElo "2358"]
[WhiteFideId "39902064"]
[BlackFideId "2010739"]
[EventDate "2025.06.24"]

1. e4 e6 2. d4 d5 3. e5 c5 4. c3 Nc6 5. Nf3 Nh6 6. a3 cxd4 7. cxd4 Nf5 8. b4 Qb6
9. Be3 g5 10. Nc3 g4 11. Na4 Qd8 12. Ng1 Nxe3 13. fxe3 Qg5 14. Qd2 Bh6 15. Kf2
f6 16. exf6 O-O 17. h4 Rxf6+ 18. Ke2 Qf5 19. g3 Qf2+ 20. Kd3 Qxd2+ 21. Kxd2 Nxd4
22. Rb1 Nf5 23. Ne2 Nxe3 24. Kc3 e5 25. Rg1 Bf5 26. Rc1 Rc8+ 27. Kb2 Nc4+ 28.
Ka2 Bxc1 29. Nxc1 Nd2 30. Be2 Bc2 31. Nb2 e4 32. Bxg4 Rc3 33. Ne2 Re3 34. Nd4
Bd3 35. Rc1 Nc4 36. Be6+ Kh8 37. Bxd5 Nxb2 38. Kxb2 Rf2+ 39. Ka1 Rf1 40. Kb2
Rxc1 41. Kxc1 Rxg3 42. Kd2 Rh3 43. Bxb7 Rxh4 44. Bd5 Rh2+ 45. Ke3 Rb2 46. Nc6 a6
47. Ne5 Re2+ 48. Kd4 h5 49. Ng6+ Kg7 50. Nf4 Rh2 51. a4 h4 52. Bxe4 Bxe4 53.
Kxe4 Ra2 54. a5 Ra4 55. Nd5 Kg6 56. Kf4 Ra3 57. Kg4 h3 58. Nf4+ Kf6 59. Nxh3 Ke5
60. Ng5 Kd4 61. Ne6+ Kc4 62. Nc7 Kxb4 63. Nxa6+ Kc4 64. Nc7 Rxa5 65. Ne6 Kd5 66.
Nf4+ Ke4 67. Nh5 Re5 68. Ng3+ Ke3 69. Nf5+ Ke4 70. Ng3+ Kd5 71. Nf5 Re1 72. Ng3
Rg1 73. Kf3 Ra1 74. Ne2 Ra3+ 75. Kf2 Ke5 76. Ng3 Kf4 77. Ne2+ Ke4 78. Ng3+ Kd3
79. Ne2 Ra2 0-1

[Event "Titled Tue 24th Jun Late"]
[Site "chess.com INT"]
[Date "2025.06.24"]
[Round "1"]
[White "Rojas Alarcon, Julian Antonio"]
[Black "Barrientos, Ernesto"]
[Result "1-0"]
[WhiteTitle "FM"]
[BlackTitle "CM"]
[WhiteElo "2365"]
[BlackElo "2027"]
[WhiteFideId "5107407"]
[BlackFideId "3701247"]
[EventDate "2025.06.24"]

1. d4 Nf6 2. c4 c5 3. Nf3 e6 4. g3 b6 5. Bg2 Bb7 6. O-O cxd4 7. Qxd4 Nc6 8. Qf4
d5 9. cxd5 Nxd5 10. Qa4 Be7 11. Rd1 Qc7 12. e4 Nb4 13. Bf4 Qc8 14. a3 b5 15.
Qxb5 Nc2 16. Ra2 O-O 17. b4 Rd8 18. Rxd8+ Qxd8 19. Nbd2 N2d4 20. Nxd4 Nxd4 21.
Qd3 Rc8 22. Ra1 Nc6 23. Qxd8+ Rxd8 24. Nc4 Nd4 25. Na5 Ba8 26. Be5 Nc2 27. Rb1
Nxa3 28. Rb3 Rd1+ 29. Bf1 Nb5 30. f3 Nd4 31. Bxd4 Rxd4 32. b5 Bc5 33. Kg2 Rd2+
34. Kh3 f5 35. Nc6 fxe4 36. fxe4 Bg1 37. Bg2 Bb7 38. Rf3 h6 39. Rf1 Be3 40. e5
Kh7 41. Re1 Bb6 42. Be4+ Kg8 43. Rf1 Bc5 44. Ne7+ Bxe7 45. Bxb7 Rb2 46. Bc8 Rxb5
47. Bxe6+ Kh7 48. Re1 a5 49. Bd7 a4 50. Bxb5 a3 51. Bc4 Kg6 52. Rf1 h5 53. g4
hxg4+ 54. Kxg4 Bc5 55. Rf5 Bb4 56. h4 Be7 57. h5+ Kh6 58. Rf7 Bd8 59. e6 g6 60.
hxg6 Kxg6 61. e7 Bxe7 62. Rxe7 Kf6 63. Ra7 a2 64. Rxa2 Ke5 65. Rd2 Ke4 66. Be6
Ke3 67. Rd7 Ke4 68. Bf5+ Ke5 69. Re7+ Kf6 70. Re6+ Kf7 71. Kg5 Kg7 72. Re7+ Kf8
73. Kf6 Kg8 74. Re8# 1-0

[Event "Titled Tue 24th Jun Late"]
[Site "chess.com INT"]
[Date "2025.06.24"]
[Round "1"]
[White "Salinas Herrera, Pablo"]
[Black "Jimenez Salas, Maria Teresa"]
[Result "1-0"]
[WhiteTitle "GM"]
[BlackTitle "WIM"]
[WhiteElo "2447"]
[BlackElo "2170"]
[WhiteFideId "3407128"]
[BlackFideId "3843866"]
[EventDate "2025.06.24"]

1. d4 d5 2. Bf4 Nf6 3. e3 c5 4. c3 Nc6 5. Nd2 Bf5 6. Qb3 Qb6 7. dxc5 Qxb3 8.
axb3 e5 9. Bg3 Bxc5 10. b4 Bd6 11. Ngf3 Nd7 12. Bb5 f6 13. Nb3 a6 14. Be2 O-O
15. Nfd2 Rac8 16. O-O Ne7 17. Na5 Rc7 18. Rfd1 Nc6 19. Ndc4 Be7 20. Rxd5 Be6 21.
Rdd1 Nxa5 22. Nxa5 b6 23. Nc4 Kf7 24. Nd6+ Bxd6 25. Rxd6 Ke7 26. Rdd1 Ra8 27.
Rxa6 Rca7 28. Rda1 Rxa6 29. Rxa6 Rd8 30. f3 Bd5 31. e4 Bb7 32. Ra7 Rb8 33. Bf2
Kd6 34. Ra1 Kc6 35. Rd1 Ra8 36. Be3 Ra2 37. Rd2 b5 38. Kf2 Nb6 39. Bxb6 Kxb6 40.
Ke3 Bc6 41. g3 Kc7 42. Bd3 Ra1 43. f4 Re1+ 44. Re2 Rh1 45. fxe5 fxe5 46. Rf2 g6
47. Rf7+ Kd6 48. Rxh7 Re1+ 49. Kd2 Rg1 50. Rh6 Rg2+ 51. Ke3 Rxb2 52. Rxg6+ Kc7
53. h4 Rh2 54. Rg5 Rh3 55. h5 Kb6 56. Be2 Be8 57. Rxe5 Rxg3+ 58. Kf4 Rg8 59. h6
Rh8 60. Re6+ Kc7 61. Rf6 Kd7 62. e5 Ke7 63. Bg4 Bf7 64. Bf5 Rd8 65. h7 Rh8 66.
Bd3 Rb8 67. Bxb5 Rh8 68. Bd3 Rc8 69. Rb6 Kf8 70. e6 Kg7 71. exf7 Rxc3 72. h8=Q+
Kxh8 73. f8=Q# 1-0

[Event "Titled Tue 24th Jun Late"]
[Site "chess.com INT"]
[Date "2025.06.24"]
[Round "1"]
[White "Wagner, Dennis"]
[Black "Liu, Yi"]
[Result "1-0"]
[WhiteTitle "GM"]
[BlackTitle "FM"]
[WhiteElo "2619"]
[BlackElo "2279"]
[WhiteFideId "24650684"]
[BlackFideId "3210588"]
[EventDate "2025.06.24"]

1. e4 e6 2. d4 d5 3. e5 c5 4. c3 Nc6 5. Nf3 Qb6 6. a3 c4 7. Nbd2 Na5 8. Be2 Bd7
9. h4 O-O-O 10. h5 Kb8 11. Rb1 h6 12. Kf1 Rc8 13. Kg1 Ne7 14. Rh3 a6 15. Qc2 Ka8
16. Bd1 f5 17. Nh4 Rg8 18. Rg3 Nec6 19. Nf1 Be7 20. Ng6 Bd8 21. Bf4 Ne7 22. Nd2
Nxg6 23. Rxg6 Be8 24. Rg3 Bh4 25. Rh3 Be7 26. Qc1 Rc6 27. Bc2 Qc7 28. Qd1 Bf7
29. Ba4 Rb6 30. Kh1 Be8 31. Bc2 Bf7 32. Nf1 Qd8 33. Ne3 Bg5 34. Qf3 Bxf4 35.
Qxf4 Qg5 36. g3 Qxf4 37. gxf4 g6 38. hxg6 Rxg6 39. Kh2 Nb3 40. Bxb3 Rxb3 41. Rg3
Ka7 42. Nc2 Kb6 43. Na1 Rb5 44. Nc2 Ka5 45. Nb4 Ka4 46. Kg2 Kb3 47. a4 Ra5 48.
Kf3 Rxg3+ 49. fxg3 Bh5+ 50. Ke3 Bg4 51. Kd2 Rxa4 52. Rh1 h5 53. Rb1 a5 54. Nc2
Ra2 55. Kc1 b5 56. Na1+ Ka4 57. Nc2 Kb3 58. Ra1 b4 59. Rxa2 Kxa2 60. cxb4 axb4
61. Nxb4+ Kb3 62. Nc6 c3 63. bxc3 Kxc3 64. Kb1 Kd3 65. Nd8 Kxd4 66. Nxe6+ Ke3
67. Nc7 d4 68. e6 d3 69. e7 d2 70. Nd5+ Kf2 71. Nc3 1-0

[Event "Titled Tue 24th Jun Late"]
[Site "chess.com INT"]
[Date "2025.06.24"]
[Round "1"]
[White "Kadam, Om Manish"]
[Black "Khanbutaev, Artemii"]
[Result "1-0"]
[WhiteTitle "FM"]
[WhiteElo "2321"]
[BlackElo "2139"]
[WhiteFideId "45076294"]
[BlackFideId "55747175"]
[EventDate "2025.06.24"]

1. Nf3 Nf6 2. g3 d5 3. Bg2 e6 4. O-O Be7 5. b3 O-O 6. Bb2 c5 7. d3 Nc6 8. Nbd2
b5 9. a4 b4 10. Re1 a5 11. e4 Ba6 12. exd5 exd5 13. Ne5 Rc8 14. Nxc6 Rxc6 15. d4
Qc7 16. dxc5 Bxc5 17. Bxf6 Rxf6 18. Nf3 Rd8 19. Bf1 Bb7 20. Bd3 h6 21. Qe2 g6
22. Rad1 Kg7 23. Rf1 Re6 24. Qd2 d4 25. Nh4 Qc6 26. f3 Re3 27. Be4 Rxe4 28. fxe4
Qxe4 29. Nf3 d3+ 30. Kg2 Qe2+ 31. Qxe2 dxe2 32. Rxd8 Bxf3+ 33. Rxf3 e1=Q 34.
Rdd3 Qe2+ 35. Kh3 Qxc2 36. Rd7 Qb2 37. Rdxf7+ Kg8 38. Rc7 Bg1 39. Kg4 h5+ 40.
Kh4 Qd4+ 41. Kh3 Qd8 42. Rcf7 Qc8+ 43. Kg2 Bd4 44. R7f4 Bg7 45. g4 Qc2+ 46. Rf2
Qc6+ 47. Kh3 hxg4+ 48. Rxg4 Kh7 49. Rf7 Kg8 50. Rff4 Qc3+ 51. Rg3 Kh7 52. Rxc3
bxc3 53. Rc4 Kh6 54. b4 axb4 55. Rxb4 Kg5 56. Rc4 Kf5 57. a5 Ke6 58. a6 Kd5 59.
Rc8 Bd4 60. Kg4 Ke4 61. h4 Kd3 62. Kg5 c2 63. Kxg6 Bc3 64. a7 c1=Q 65. a8=Q Qg1+
66. Kh5 Qd1+ 67. Kg6 Qg4+ 68. Kf7 Qxh4 69. Qf3+ Kd4 70. Qxc3+ Kd5 71. Rc5+ Kd6
72. Qe5+ Kd7 73. Qc7# 1-0

[Event "Titled Tue 24th Jun Late"]
[Site "chess.com INT"]
[Date "2025.06.24"]
[Round "1"]
[White "Hobson, Kenneth"]
[Black "Omariev, Maksim"]
[Result "1-0"]
[WhiteTitle "FM"]
[BlackTitle "FM"]
[WhiteElo "2361"]
[BlackElo "2304"]
[WhiteFideId "480819"]
[BlackFideId "4193423"]
[EventDate "2025.06.24"]

1. e4 c5 2. Nf3 d6 3. d4 cxd4 4. Nxd4 Nf6 5. Nc3 a6 6. Bg5 Nbd7 7. Bc4 Qb6 8.
Bb3 e6 9. Qd2 Be7 10. O-O-O Nc5 11. f3 Bd7 12. Rhe1 a5 13. a3 Nxb3+ 14. Nxb3 Bc6
15. Nd4 O-O 16. Be3 Qa6 17. g4 b5 18. Qd3 Rfb8 19. Nxc6 Qxc6 20. Ne2 b4 21. Nd4
Qa4 22. axb4 Rxb4 23. Qc3 Bf8 24. b3 Qe8 25. g5 Nd7 26. h4 Nc5 27. h5 Rab8 28.
g6 a4 29. gxh7+ Kxh7 30. h6 g6 31. bxa4 Nxa4 32. Qc6 Qe7 33. Nb3 Qf6 34. Bd4
Qf4+ 35. Be3 Qe5 36. f4 Qb2+ 37. Kd2 Rxb3 38. Rb1 Qxb1 39. Rxb1 Rxb1 40. Qxa4
R1b4 41. Qd7 R4b7 42. Qc6 Rb5 43. f5 exf5 44. exf5 Rxf5 45. Qd7 Rbb5 46. c4 Rbe5
47. Bd4 Re6 48. Qd8 Kxh6 49. Qxf8+ Kg5 50. Be3+ Kg4 51. Qa8 g5 52. Qg2+ Kh5 53.
Kd3 Kg6 54. Bd2 Rfe5 55. Qg1 f5 56. Qxg5+ Kf7 57. Qh5+ Rg6 58. Qh7+ Kf6 59. Qh8+
Ke6 60. Qd8 Rg4 61. Qe8+ Kf6 62. Qf8+ Ke6 63. Bc3 Rg3+ 64. Kd2 Rg2+ 65. Kd1 Rg1+
66. Kc2 Rg2+ 67. Kb3 Rg3 68. Kb4 Ree3 69. Qf6+ Kd7 70. Qxf5+ Kc7 71. Qa5+ Kc6
72. Qa8+ Kb6 73. Bd4+ Kc7 74. Bxe3 Rxe3 75. Qa7+ Kc6 76. Qxe3 d5 77. Qc5+ Kb7
78. Qxd5+ Ka6 79. Qa8+ Kb6 80. Qa5+ Kb7 81. c5 Kb8 82. c6 Kc8 83. Qa8+ Kc7 84.
Qb7+ Kd6 85. c7 Ke5 86. c8=Q Kd4 87. Qc3# 1-0